| 000 | 00862cam a2200241 4500 | ||
|---|---|---|---|
| 001 | J92765 | ||
| 008 | 090401t1998 xxu||||| |||| 00| 0 eng d | ||
| 035 | _a(Sirsi) u87294 | ||
| 041 | _aeng | ||
| 050 | _a692.9 | ||
| 110 |
_aJoint Contracts Tribunal _93664 |
||
| 245 | _aForm of Tender and Agreement NAM/T 1994 edition: sections I and II ... Amendment 8 issued April 1998. | ||
| 260 |
_aLondon _bRIBA Publications _c1998 |
||
| 300 | _a1 sheet ; 30cm. | ||
| 350 | _a0 | ||
| 650 | _aMANAGEMENT-DISPUTE AVOIDANCE, MANAGEMENT AND RESOLUTION-DISPUTE MANAGEMENT AND RESOLUTION-ALTERNATIVE DISPUTE RESOLUTION-ADJUDICATION | ||
| 650 | _aAMENDMENT 8 | ||
| 650 | _aBUILT ENVIRONMENT-BUILDING CONTRACT FORMS | ||
| 650 | _aJCT FORM OF TENDER AND AGREEMENT NAM/T 1984 | ||
| 690 | _aBUILT ENVIRONMENT-BUILDING CONTRACT FORMS | ||
| 942 | _n0 | ||
| 948 | _c08/07/1998 | ||
| 999 |
_c97213 _d97213 |
||